000 00526nam a2200181Ia 4500
003 OSt
005 20250814104004.0
008 210210b1933 xxu||||| |||| 00| 0 eng d
040 _cAL
041 _akan
082 _a854/86
100 _aGURUBASAVAPPA FAKIRAPPA
_9162826
_dಗುರುಬಸವಪ್ಪ ಫಕೀರಪ್ಪ
245 _aVachanashastrasara 2:
_bವಚನಶಾಸ್ತ್ರ ಸಾರ ೨
260 _aMangaluru
_b-
_c1933
690 _aKannada Criticism
_9162827
906 _a019938
942 _2ddc
_cBK
999 _c144088
_d144088